La meprise tradult de l’anglais par Marcel Stora/ Vladimir Vladimiravich Nabokov

Saved in:
Bibliographic Details
Main Author: NABOKOV, Vladimir Vladimiravich
Format: Book
Language:English
Published: Gallimard 1939.
Tags: Add Tag
No Tags, Be the first to tag this record!

MARC

LEADER 00000nam a22000007a 4500
008 201222b ||||| |||| 00| 0 eng d
100 |a NABOKOV, Vladimir Vladimiravich 
245 |a La meprise  |b tradult de l’anglais par Marcel Stora/ Vladimir Vladimiravich Nabokov  |c Vladimir Vladimiravich Nabokov 
260 |b Gallimard  |c 1939.  |h Paris  |i 130784  |l PC3476 .N3M53 
942 |a lcc  |c BK  |e ADEYEYE Y. S.  |f 22/12/2020 
999 |c 586  |d 586